MARC

LEADER 00000nam0a2200000 4500
001 350221
005 20231102010259.0
035 |a (RuTPU)RU\TPU\retro\3822 
090 |a 350221 
100 |a 20181130d1926 km y0rusy50 ca 
101 0 |a rus 
102 |a RU 
105 |a bc z 011zy 
200 1 |a Очерки по землеведению Сибири  |f Русское географическое общество, Восточно-Сибирский отдел (ВСОРГО) 
210 |a Иркутск  |c тип. изд. "Власть Труда"  |d 1926 
215 |a XVII, 73, [2] с.  |c портр., карты, табл. 
225 1 |a Известия Восточно-Сибирского отдела Госуд. Русского Географич. О-ва  |v Т. LII  |i Сборник Секции Землеведения  |h Вып. 3 
300 |a К 75-летию В. С. О. Р. Г. О. 
320 |a Библиогр. в конце ст. 
606 1 |a Геология  |y СССР  |2 stltpush  |3 (RuTPU)RU\TPU\subj\6121  |9 34079 
606 1 |a Топография  |2 stltpush  |3 (RuTPU)RU\TPU\subj\60984  |9 78201 
610 1 |a геологические исследования 
610 1 |a геологические очерки 
610 1 |a топографические основы 
610 1 |a научные деятели 
610 1 |a научные идеи 
610 1 |a научные достижения 
610 1 |a экспедиции 
610 1 |a полезные ископаемые 
610 1 |a геологическое строение 
610 1 |a коллекция В. А. Обручева 
675 |a 55(47+57)  |v 4 
675 |a 528.4  |v 4 
712 0 2 |a Русское географическое общество  |b Восточно-Сибирский отдел (ВСОРГО)  |c (Иркутск)  |2 stltpush  |3 (RuTPU)RU\TPU\col\19439 
801 1 |a RU  |b 63413507  |c 20181130 
801 2 |a RU  |b 63413507  |c 20181226  |g RCR 
942 |c BK